[Event "Paris FRA"]
[Site "?"]
[Date "2004.07.04"]
[Round "2"]
[White "Vachier Lagrave Maxime"]
[Black "Kazhgaleyev Murtas"]
[Result "1-0"]
[WhiteElo "2458"]
[BlackElo "2598"]
[PlyCount "73"]
[EventDate "2004.??.??"]
[Source "www.chesslib.no"]
[SourceDate "2004.05.04"]

1. e4 e5 2. Nf3 Nc6 3. Bb5 Bc5 4. O-O d6 5. c3 Bd7 6. d4 Bb6 7. Na3 Nge7 8. Nc4 exd4 9. cxd4 O-O 10. a4 Na5 11. Nxb6 axb6 12. Bd3 Nac6 13. d5 Nb4 14. Bb1 Ng6 15. Bd2 Na6 16. Bc2 Qe7 17. Nd4 Rfe8 18. f4 c5 19. dxc6 bxc6 20. f5 Qf6 21. Nf3 Ne5 22. Nxe5 dxe5 23. Be3 Re7 24. Qd2 h6 25. Ra3 Be8 26. Rd3 Nc5 27. Rd6 Qh4 28. f6 Re6 29. fxg7 Qe7 30. Bxc5 bxc5 31. Rxe6 Qxe6 32. Bb3 Qg6 33. Rf3 h5 34. Rg3 Qf6 35. Qd1 Qh6 36. h4 Rb8 37. Bc4 1-0

[Event "Santa Clara"]
[Site "Santa Clara"]
[Date "1991.??.??"]
[Round "7"]
[White "Ulibin, Mikhail"]
[Black "Magem Badals, Jordi"]
[Result "1-0"]
[WhiteElo "2565"]
[BlackElo "2490"]
[PlyCount "103"]
[EventDate "1991.02.??"]
[Source "ChessBase"]

1. e4 e5 2. Nf3 Nc6 3. Bb5 Bc5 4. O-O Nge7 5. c3 Bb6 6. d4 exd4 7. cxd4 d5 8. exd5 Nxd5 9. Re1+ Be6 10. Bg5 Qd6 11. Nbd2 O-O 12. Ne4 Qb4 13. Bxc6 bxc6 14. a3 Qxb2 15. Re2 Qb5 16. a4 Qa6 17. a5 Qb5 18. axb6 axb6 19. Rb1 Qa4 20. Qxa4 Rxa4 21. h3 Rfa8 22. Rc1 Ra1 23. Ree1 Rxc1 24. Rxc1 f6 25. Bd2 Bd7 26. Nc3 Ne7 27. Bf4 Ra7 28. Ne1 Kf7 29. Nc2 Ke8 30. Ra1 Rxa1+ 31. Nxa1 Kd8 32. Nc2 Kc8 33. g4 h5 34. f3 hxg4 35. fxg4 Be6 36. Kf2 Kd7 37. Kg3 Bb3 38. Nb4 Bc4 39. h4 Nc8 40. Nc2 Bd3 41. Ne1 Bh7 42. Bc1 Ke6 43. Ng2 Nd6 44. Ba3 Ne4+ 45. Nxe4 Bxe4 46. Ne3 Bd3 47. Kf4 Bb1 48. Nf5 Kf7 49. Ne7 c5 50. dxc5 bxc5 51. Bxc5 Ba2 52. Bb4 1-0

[Event "Europa ch 2008"]
[Site "Plovdiv BUL"]
[Date "2008.04.25"]
[Round "5.59"]
[White "Papadopoulos, Ioannis K"]
[Black "Stocek, Jiri"]
[Result "1-0"]
[WhiteElo "2471"]
[BlackElo "2584"]
[PlyCount "69"]
[EventDate "2008.04.21"]
[Source "www.chesslib.no"]
[SourceDate "2004.05.04"]

1. e4 e5 2. Nf3 Nc6 3. Bb5 Bc5 4. O-O d6 5. c3 Bd7 6. Re1 Nf6 7. d4 Bb6 8. Na3 O-O 9. Nc4 h6 10. h3 Re8 11. Nxb6 axb6 12. Bd3 b5 13. Bc2 Qe7 14. b3 Nh7 15. Bd3 Nf6 16. Bb2 b4 17. cxb4 exd4 18. a3 Nh5 19. Nxd4 Nf4 20. Bf1 Qg5 21. Kh2 d5 22. Nxc6 Bxc6 23. Re3 Ng6 24. b5 Bd7 25. Qxd5 Qxd5 26. exd5 Rxe3 27. fxe3 Re8 28. Bd4 Ne7 29. e4 Nc8 30. e5 Bf5 31. Rc1 Be4 32. Rxc7 Bxd5 33. Bc4 Ne7 34. Rxe7 Rxe7 35. Bxd5 1-0

[Event "Kopavogur"]
[Site "Kopavogur"]
[Date "1994.??.??"]
[Round "?"]
[White "Arnason, Jon L"]
[Black "Skembris, Spyridon"]
[Result "1/2-1/2"]
[WhiteElo "2520"]
[BlackElo "2525"]
[PlyCount "36"]
[EventDate "1994.04.??"]
[Source "ChessBase"]

1. e4 e5 2. Nf3 Nc6 3. Bb5 Bc5 4. O-O Nd4 5. Nxd4 Bxd4 6. c3 Bb6 7. d4 Qf6 8. Be3 Ne7 9. Na3 O-O 10. dxe5 Qxe5 11. Bxb6 axb6 12. Bd3 d5 13. Qf3 Be6 14. Rfe1 c6 15. Nc2 dxe4 16. Bxe4 Qg5 17. a3 Rad8 18. Nd4 Bd5 1/2-1/2

[Event "Yerevan ol (Men)"]
[Site "Yerevan"]
[Date "1996.??.??"]
[Round "11"]
[White "Lutz, Christopher"]
[Black "Gretarsson, Helgi Ass"]
[Result "1/2-1/2"]
[WhiteElo "2565"]
[BlackElo "2465"]
[PlyCount "34"]
[EventDate "1996.09.??"]
[Source "www.chesslib.no"]
[SourceDate "2004.05.04"]

1. e4 e5 2. Nf3 Nc6 3. Bb5 Bc5 4. O-O Qf6 5. c3 Nge7 6. d4 exd4 7. Bg5 Qg6 8. Bxe7 Nxe7 9. cxd4 Bb6 10. Nc3 O-O 11. Ne5 Qd6 12. Ne2 c6 13. Bd3 Qh6 14. Qb3 d5 15. exd5 Nxd5 16. Bc4 Be6 17. Rad1 Rad8 1/2-1/2

[Event "CUB-ch"]
[Site "Las Tunas"]
[Date "2001.04.16"]
[Round "14"]
[White "Dominguez, Lenier"]
[Black "Perez, Rodney"]
[Result "1/2-1/2"]
[WhiteElo "2556"]
[BlackElo "2471"]
[PlyCount "25"]
[EventDate "2001.04.01"]
[Source "ChessBase"]
[SourceDate "2001.07.05"]

1. e4 e5 2. Nf3 Nc6 3. Bb5 Bc5 4. O-O d6 5. c3 Bd7 6. d4 Bb6 7. Bg5 f6 8. Be3 Nge7 9. a4 O-O 10. Na3 exd4 11. cxd4 f5 12. Ng5 fxe4 13. Nxe4 1/2-1/2

[Event "Valle d'Aosta op 10th"]
[Site "Valle d'Aosta"]
[Date "2002.02.14"]
[Round "6"]
[White "Fernandez Garcia, Jose Luis"]
[Black "Rogers, Ian"]
[Result "0-1"]
[WhiteElo "2470"]
[BlackElo "2555"]
[PlyCount "80"]
[EventDate "2002.02.09"]
[Source "ChessBase"]
[SourceDate "2002.03.14"]

1. e4 e5 2. Nf3 Nc6 3. Bb5 Bc5 4. Nxe5 Nxe5 5. d4 c6 6. Be2 Bd6 7. dxe5 Bxe5 8. Nd2 Bc7 9. O-O Ne7 10. b3 O-O 11. Ba3 Re8 12. c4 Ng6 13. Rc1 Nf4 14. Bf3 Qg5 15. g3 d6 16. Kh1 Nd3 17. Rc2 a5 18. Nb1 Nb4 19. Re2 h5 20. Qd2 Qg6 21. Nc3 Bg4 22. Bxg4 hxg4 23. f3 gxf3 24. Rxf3 Re6 25. Kg2 Rae8 26. Ref2 Bd8 27. Rf5 Bf6 28. Rxa5 Bxc3 29. Qxc3 Qxe4+ 30. Qf3 Nd3 31. Qxe4 Rxe4 32. Rd2 Ne1+ 33. Kf2 c5 34. Bb2 Re3 35. Ba1 g5 36. Rb5 Nd3+ 37. Kg2 g4 38. Bf6 Ne1+ 39. Kf1 Rf3+ 40. Rf2 Nd3 0-1

[Event "AUT-chT 9899"]
[Site "AUT"]
[Date "1999.??.??"]
[Round "?"]
[White "Groszpeter, Attila"]
[Black "Rabiega, Robert"]
[Result "1/2-1/2"]
[WhiteElo "2505"]
[BlackElo "2520"]
[PlyCount "43"]
[EventDate "1998.??.??"]
[Source "www.chesslib.no"]
[SourceDate "2004.05.04"]

1. e4 e5 2. Nf3 Nc6 3. Bb5 Bc5 4. O-O d6 5. c3 Bd7 6. d4 Bb6 7. Bxc6 Bxc6 8. dxe5 dxe5 9. Nxe5 Qxd1 10. Rxd1 Bxe4 11. Re1 O-O-O 12. Nxf7 Rf8 13. Rxe4 Rxf7 14. Re8+ Kd7 15. Re2 Nf6 16. Be3 Re8 17. Na3 Bxe3 18. Rd1+ Kc8 19. Rxe3 Rxe3 20. fxe3 Ng4 21. Rd3 Re7 22. Nc2 1/2-1/2

[Event "FRA-chT"]
[Site "France"]
[Date "1999.??.??"]
[Round "2"]
[White "Hamdouchi, Hichem"]
[Black "Lepelletier, Benoit"]
[Result "0-1"]
[WhiteElo "2564"]
[BlackElo "2456"]
[PlyCount "73"]
[EventDate "1999.02.??"]
[Source "www.chesslib.no"]
[SourceDate "2004.05.04"]

1. e4 Nc6 2. Nf3 e5 3. Bb5 Bc5 4. O-O Nd4 5. Nxd4 Bxd4 6. c3 Bb6 7. d4 c6 8. Ba4 d6 9. Na3 Nf6 10. Nc4 Bc7 11. Bc2 Be6 12. Ne3 Qe7 13. b3 d5 14. exd5 cxd5 15. Nf5 Bxf5 16. Bxf5 O-O 17. g3 e4 18. Qe2 h6 19. a4 Rad8 20. Rd1 g6 21. Bh3 Kg7 22. c4 Nh7 23. Bg2 f5 24. Ba3 Bd6 25. c5 Bb8 26. Qb5 Rf7 27. c6 Bd6 28. cxb7 Qxb7 29. Rdc1 Bxa3 30. Rxa3 Rd6 31. Qc5 Rdd7 32. Qb5 Nf8 33. Bf1 Ne6 34. Qa5 Rc7 35. Rd1 Rc2 36. Qe1 f4 37. Rd2 0-1

[Event "SWE-ch"]
[Site "Skara"]
[Date "2002.06.30"]
[Round "1"]
[White "Brynell, Stellan"]
[Black "Hector, Jonny"]
[Result "1/2-1/2"]
[WhiteElo "2506"]
[BlackElo "2513"]
[PlyCount "55"]
[EventDate "2002.06.30"]
[Source "ChessBase"]
[SourceDate "2002.11.12"]

1. e4 e5 2. Nf3 Nc6 3. Bb5 Bc5 4. O-O d6 5. c3 Bd7 6. d4 Bb6 7. Bg5 f6 8. Be3 Nge7 9. a4 O-O 10. Na3 exd4 11. Nxd4 Nxd4 12. Bxd4 f5 13. exf5 Bxf5 14. Bxb6 axb6 15. Nc2 Ng6 16. Ne3 Nf4 17. Nxf5 Rxf5 18. g3 c6 19. Bd3 Nxd3 20. Qxd3 Rd5 21. Qc4 Kh8 22. Rad1 b5 23. axb5 Rxb5 24. b4 Rf5 25. Qe4 Qf8 26. Rxd6 Rxf2 27. Rxf2 Qxd6 28. Kg2 1/2-1/2

[Event "Bath zt"]
[Site "Bath"]
[Date "1987.??.??"]
[Round "?"]
[White "Hodgson, Julian M"]
[Black "Flear, Glenn C"]
[Result "1/2-1/2"]
[WhiteElo "2520"]
[BlackElo "2495"]
[PlyCount "123"]
[EventDate "1987.02.??"]
[Source "ChessBase"]

1. e4 e5 2. Nf3 Nc6 3. Bb5 Bc5 4. O-O d6 5. c3 Bd7 6. d4 Bb6 7. Na3 Nge7 8. Nc4 O-O 9. a4 exd4 10. cxd4 Bg4 11. Bxc6 Nxc6 12. d5 Ne5 13. Ncxe5 dxe5 14. h3 Bxf3 15. Qxf3 Bd4 16. Be3 c5 17. Rac1 Qd7 18. Rc4 Rac8 19. b3 f5 20. Rfc1 b6 21. b4 fxe4 22. Qxe4 Rfd8 23. bxc5 Qxd5 24. Qxd5+ Rxd5 25. cxb6 Rxc4 26. Rxc4 axb6 27. Rb4 Rd6 28. Kf1 Bxe3 29. fxe3 Kf7 30. Ke2 Ke6 31. Kf3 Rc6 32. Ke4 h5 33. h4 g6 34. g3 Kd6 35. Rb5 Rc4+ 36. Kf3 Rc6 37. g4 Ke6 38. Rb1 Kf6 39. Rb4 Ke6 40. gxh5 gxh5 41. Ke4 Kf6 42. Kd5 Rc5+ 43. Ke4 Rc6 44. Kf3 Kf7 45. Ke2 Kf6 46. e4 Kf7 47. Kd3 Ke7 48. Rb5 Kd6 49. Rb2 Kc7 50. Rb5 Kd6 51. Rb1 Kc7 52. Rg1 Rd6+ 53. Ke3 Rd4 54. Rg5 Rxa4 55. Rxe5 Ra5 56. Re7+ Kd6 57. Rh7 Rc5 58. Kd4 Ra5 59. Rh6+ Kc7 60. Ke3 Rc5 61. Rh8 Kd6 62. Kd4 1/2-1/2

[Event "Philadelphia World-op Tourn.of Champ."]
[Site "Philadelphia"]
[Date "1999.06.26"]
[Round "2"]
[White "Burnett, Ronald"]
[Black "Ehlvest, Jaan"]
[Result "0-1"]
[WhiteElo "2420"]
[BlackElo "2593"]
[PlyCount "72"]
[EventDate "1999.06.??"]
[Source "www.chesslib.no"]
[SourceDate "2004.05.04"]

1. e4 e5 2. Nf3 Nc6 3. Bb5 Bc5 4. O-O d6 5. d4 exd4 6. Nxd4 Bd7 7. Nb3 Bb6 8. Nc3 Nf6 9. Na4 O-O 10. Nxb6 axb6 11. f3 Re8 12. Bd2 d5 13. Bg5 dxe4 14. Bxf6 gxf6 15. fxe4 Re5 16. Bd3 Rg5 17. Nd2 Bh3 18. Rf2 Qd4 19. g3 Qxb2 20. Rb1 Qa3 21. e5 Nxe5 22. Ne4 Ng4 23. Nxg5 fxg5 24. Rf5 h6 25. Qe2 Qxa2 26. Re1 Qa1 27. Rd5 Qc3 28. Rf5 Qd4+ 29. Kh1 Ne3 30. c3 Qd7 31. Re5 Qc6+ 32. Kg1 Ng4 33. Re8+ Kg7 34. Rxa8 Qc5+ 35. Kh1 Nf2+ 36. Kg1 Nxd3+ 0-1

[Event "FRA-ch"]
[Site "Narbonne"]
[Date "1997.08.18"]
[Round "4"]
[White "Bauer, Christian"]
[Black "Lepelletier, Benoit"]
[Result "1-0"]
[WhiteElo "2525"]
[BlackElo "2480"]
[PlyCount "59"]
[EventDate "1997.08.15"]
[Source "ChessBase"]
[SourceDate "1997.11.23"]

1. e4 e5 2. Nf3 Nc6 3. Bb5 Bc5 4. O-O Nd4 5. Nxd4 Bxd4 6. c3 Bb6 7. d4 c6 8. Ba4 d6 9. Na3 Ne7 10. dxe5 dxe5 11. Qh5 Bc7 12. Rd1 Bd7 13. Bg5 O-O 14. Rd3 Qe8 15. Bb3 Ng6 16. Rad1 Be6 17. g3 Bxb3 18. axb3 Qe6 19. Rd7 Rac8 20. Nc4 h6 21. Bxh6 gxh6 22. Ne3 Ne7 23. Ng4 Rfe8 24. Nxh6+ Kf8 25. Nf5 Qg6 26. Qh8+ Ng8 27. Kg2 Qf6 28. Qh7 Rcd8 29. R1d3 Bb8 30. Rxd8 1-0

[Event "Dortmund"]
[Site "Dortmund"]
[Date "1983.??.??"]
[Round "1"]
[White "Chandler, Murray G"]
[Black "Wedberg, Tom"]
[Result "1/2-1/2"]
[WhiteElo "2500"]
[BlackElo "2500"]
[PlyCount "49"]
[EventDate "1983.03.??"]
[Source "ChessBase"]

1. e4 e5 2. Nf3 Nc6 3. Bb5 Bc5 4. O-O Nd4 5. Nxd4 Bxd4 6. c3 Bb6 7. d4 c6 8. Bc4 d6 9. dxe5 dxe5 10. Qe2 Qh4 11. Be3 Nf6 12. Bxb6 axb6 13. Nd2 O-O 14. Rad1 b5 15. Bb3 Re8 16. f3 Nh5 17. Qe3 Qf4 18. Qf2 Qg5 19. Nb1 Be6 20. Bxe6 Rxe6 21. Rd7 Rd8 22. Rfd1 Rxd7 23. Rxd7 Qc1+ 24. Qf1 Qe3+ 25. Qf2 1/2-1/2

[Event "Hastings Open 9495"]
[Site "Hastings ENG"]
[Date "1995.??.??"]
[Round "7"]
[White "McDonald, Neil R"]
[Black "Kosten, Anthony C"]
[Result "0-1"]
[WhiteElo "2460"]
[BlackElo "2540"]
[PlyCount "104"]
[EventDate "1994.12.??"]
[Source "www.chesslib.no"]
[SourceDate "2004.05.04"]

1. e4 e5 2. Nf3 Nc6 3. Bb5 Bc5 4. O-O d6 5. c3 Bd7 6. d4 Bb6 7. Na3 Nge7 8. dxe5 Nxe5 9. Nxe5 dxe5 10. Bxd7+ Qxd7 11. Nc4 Ng6 12. a4 Qe6 13. Qd5 Qxd5 14. exd5 Bc5 15. Be3 Bxe3 16. fxe3 f6 17. e4 Ne7 18. Ne3 a5 19. b4 Kd7 20. b5 Kd6 21. b6 c6 22. c4 Kc5 23. Rfd1 Rhd8 24. Nf1 Ra6 25. Nd2 Rxb6 26. Rab1 Rxb1 27. Rxb1 b6 28. Kf2 f5 29. Ke3 fxe4 30. Nxe4+ Kxc4 31. dxc6 Nd5+ 32. Kf3 Rf8+ 33. Kg3 Kd4 34. Ng5 Re8 35. Rc1 Nc3 36. Kg4 e4 37. c7 Rc8 38. Ne6+ Kd3 39. Rf1 e3 40. Rf8 Rxc7 41. Rd8+ Kc2 42. Nxc7 e2 43. Re8 Kd2 44. Rd8+ Ke3 45. Re8+ Ne4 46. Nd5+ Kd4 47. Rxe4+ Kxe4 48. Nc3+ Kd3 49. Nxe2 Kxe2 50. Kf5 Kd3 51. Ke6 Kc4 52. Kf7 g5 0-1

[Event "Lausanne Young Masters 25'"]
[Site "Lausanne"]
[Date "2000.06.02"]
[Round "2.4"]
[White "Fressinet, Laurent"]
[Black "De Vreugt, Dennis"]
[Result "0-1"]
[WhiteElo "2501"]
[BlackElo "2498"]
[PlyCount "56"]
[EventDate "2000.05.31"]
[Source "ChessBase"]
[SourceDate "2000.10.18"]

1. e4 e5 2. Nf3 Nc6 3. Bb5 Bc5 4. O-O Nge7 5. Nxe5 Nxe5 6. d4 c6 7. Be2 Bd6 8. dxe5 Bxe5 9. Nd2 Bc7 10. b3 O-O 11. Bb2 d5 12. Bd3 Ng6 13. Qf3 Qh4 14. g3 Qg5 15. Qd1 Bg4 16. Be2 Bh3 17. Re1 Ba5 18. c3 Qf6 19. exd5 cxd5 20. Nf3 Rad8 21. Qd4 Qc6 22. c4 f6 23. cxd5 Qd6 24. Red1 Bb6 25. Qd2 Rfe8 26. Nd4 Ne5 27. f4 Qxd5 28. Bh5 Nd3 0-1

[Event "Eikrem mem"]
[Site "Gausdal"]
[Date "1996.??.??"]
[Round "3"]
[White "Nielsen, Peter Heine"]
[Black "Gretarsson, Helgi Ass"]
[Result "1/2-1/2"]
[WhiteElo "2530"]
[BlackElo "2465"]
[PlyCount "74"]
[EventDate "1996.08.??"]
[Source "ChessBase"]

1. e4 e5 2. Nf3 Nc6 3. Bb5 Bc5 4. O-O Qf6 5. c3 Nge7 6. Re1 a6 7. d4 exd4 8. e5 Qg6 9. Bd3 Qh5 10. Re4 f5 11. exf6 gxf6 12. Rh4 Qf7 13. cxd4 Bb6 14. d5 Ne5 15. d6 cxd6 16. Nc3 d5 17. Bc2 d6 18. Bb3 Be6 19. Nd4 Bxd4 20. Rxd4 N5c6 21. Rd3 d4 22. Ne4 Bxb3 23. axb3 O-O-O 24. Bf4 Qe6 25. Rxd4 Nxd4 26. Qxd4 Nd5 27. Bg3 Rhe8 28. Re1 f5 29. Nxd6+ Qxd6 30. Rc1+ Qc6 31. Rxc6+ bxc6 32. f3 Ne3 33. Qa7 Rd1+ 34. Kf2 Rd2+ 35. Kg1 Rd1+ 36. Kf2 Rd2+ 37. Kg1 Rd1+ 1/2-1/2

[Event "SWE-ch"]
[Site "Orebro"]
[Date "2000.07.03"]
[Round "2"]
[White "Brynell, Stellan"]
[Black "Hector, Jonny"]
[Result "1-0"]
[WhiteElo "2484"]
[BlackElo "2509"]
[PlyCount "141"]
[EventDate "2000.07.02"]
[Source "ChessBase"]
[SourceDate "2000.09.14"]

1. e4 e5 2. Nf3 Nc6 3. Bb5 Bc5 4. O-O d6 5. c3 Bd7 6. d4 Bb6 7. Bg5 f6 8. Be3 Nge7 9. a4 a6 10. Bxc6 Nxc6 11. d5 Ne7 12. Bxb6 cxb6 13. Nfd2 Qc7 14. Na3 O-O 15. Qb3 Rac8 16. Rfe1 Qc5 17. Ndc4 b5 18. axb5 axb5 19. Ne3 g6 20. Nb1 f5 21. Nd2 f4 22. Nc2 g5 23. Qb4 Qc7 24. Ra7 Be8 25. Rea1 Qd7 26. Ra8 Rc5 27. Ne1 Nc8 28. f3 Nb6 29. R8a7 Nc4 30. Nxc4 Rxc4 31. Qa5 Qc7 32. Nd3 g4 33. Qxc7 Rxc7 34. Kf2 gxf3 35. gxf3 Rf6 36. Rg1+ Kf7 37. Ra8 Rh6 38. Rg2 Ke7 39. Kg1 Rh3 40. Rg7+ Bf7 41. Nf2 Rh4 42. Rh8 b4 43. cxb4 Rc4 44. Rgxh7 Rxh7 45. Rxh7 Rxb4 46. Ng4 Kf8 47. Rh6 Ke7 48. Rh7 Kf8 49. h4 Rb3 50. Kg2 Bg6 51. Rh6 Bxe4 52. fxe4 Rg3+ 53. Kf2 Rxg4 54. Rxd6 Rxh4 55. Rf6+ Kg7 56. Rf5 Rh2+ 57. Kf3 Rh3+ 58. Kg2 Rb3 59. Rxe5 b5 60. Rf5 b4 61. Rxf4 Rxb2+ 62. Kf3 b3 63. Ke3 Rc2 64. Kd3 Rc8 65. Rf2 Rb8 66. Kc3 Re8 67. d6 Kg6 68. Kxb3 Rxe4 69. Rd2 Re8 70. Kc4 Kf7 71. d7 1-0

[Event "XX Carlos Torre Magistral"]
[Site "Merida MEX"]
[Date "2007.12.18"]
[Round "5"]
[White "Arencibia Rodriguez, W."]
[Black "Perez Garcia, Rodn"]
[Result "1/2-1/2"]
[WhiteElo "2562"]
[BlackElo "2427"]
[PlyCount "86"]
[EventDate "2007.12.15"]
[Source "www.chesslib.no"]
[SourceDate "2004.05.04"]

1. e4 e5 2. Nf3 Nc6 3. Bb5 Bc5 4. O-O d6 5. c3 Bd7 6. d4 Bb6 7. dxe5 dxe5 8. Bxc6 Bxc6 9. Nxe5 Qxd1 10. Rxd1 Bxe4 11. Re1 f5 12. Nd2 Nf6 13. Ndc4 O-O 14. Nxb6 axb6 15. f3 Bd5 16. c4 Be6 17. a3 Nd7 18. Nxd7 Bxd7 19. Bf4 Rac8 20. Rad1 Rfe8 21. Rxe8+ Bxe8 22. Rd5 g6 23. Re5 Bf7 24. Re7 Kf8 25. Rxc7 Rxc7 26. Bxc7 Bxc4 27. Bxb6 Kf7 28. Kf2 Ke6 29. Ke3 h5 30. Kd4 Bf1 31. g3 Bg2 32. f4 Bf3 33. h4 Kd6 34. Bc5+ Ke6 35. a4 Bd1 36. a5 Bf3 37. b4 Bg2 38. Bf8 Bf3 39. b5 Be2 40. Kc5 Kd7 41. Bg7 Bf1 42. Kb6 Kc8 43. Be5 Be2 1/2-1/2

[Event "CUB-ch"]
[Site "Santa Clara"]
[Date "2000.??.??"]
[Round "?"]
[White "Arencibia, Walter"]
[Black "Perez, Luis Manuel"]
[Result "0-1"]
[WhiteElo "2529"]
[BlackElo "2459"]
[PlyCount "70"]
[EventDate "2000.??.??"]
[Source "www.chesslib.no"]
[SourceDate "2004.05.04"]

1. e4 e5 2. Nf3 Nc6 3. Bb5 Bc5 4. O-O Nd4 5. Nxd4 Bxd4 6. c3 Bb6 7. d4 c6 8. Bc4 d6 9. Qd3 Nf6 10. Bg5 h6 11. Bh4 g5 12. Bg3 Qe7 13. Nd2 Bg4 14. Bb3 O-O-O 15. Nc4 Bc7 16. f3 Be6 17. Kh1 Nh5 18. Bf2 Nf4 19. Qc2 g4 20. fxg4 h5 21. g5 Qxg5 22. Be3 h4 23. Rf2 Qg4 24. dxe5 dxe5 25. Bxa7 h3 26. g3 Nd3 27. Re2 b5 28. Ne3 Qxe4+ 29. Kg1 Kb7 30. Nd5 Bxd5 31. Rxe4 Bxe4 32. Be3 f5 33. a4 Nc5 34. Bxc5 Bxc2 35. Bxc2 e4 0-1

[Event "Chigorin mem op"]
[Site "St Petersburg"]
[Date "2000.11.10"]
[Round "9"]
[White "Brodsky, Michail"]
[Black "Ulko, Jaroslav"]
[Result "1/2-1/2"]
[WhiteElo "2532"]
[BlackElo "2456"]
[PlyCount "37"]
[EventDate "2000.10.31"]
[Source "www.chesslib.no"]
[SourceDate "2004.05.04"]

1. e4 e5 2. Nf3 Nc6 3. Bb5 Bc5 4. O-O Nd4 5. Nxd4 Bxd4 6. c3 Bb6 7. d4 c6 8. Ba4 d6 9. Na3 Nf6 10. Bg5 O-O 11. Re1 h6 12. Bh4 Qe7 13. Nc4 Bc7 14. Bc2 Kh8 15. Ne3 g5 16. Bg3 h5 17. h4 Ng4 18. hxg5 Qxg5 19. Qc1 1/2-1/2

[Event "Magistral Int"]
[Site "Buenos Aires"]
[Date "1998.??.??"]
[Round "?"]
[White "Spangenberg, Hugo"]
[Black "Soppe, Guillermo"]
[Result "1-0"]
[WhiteElo "2530"]
[BlackElo "2455"]
[PlyCount "67"]
[EventDate "1998.??.??"]
[Source "www.chesslib.no"]
[SourceDate "2004.05.04"]

1. e4 e5 2. Nf3 Nc6 3. Bb5 Bc5 4. O-O Qf6 5. c3 Nge7 6. Re1 O-O 7. d4 exd4 8. e5 Qg6 9. cxd4 Nxd4 10. Nxd4 Qb6 11. Be3 Bxd4 12. Qxd4 Qxb5 13. Nc3 Qc6 14. Rac1 d6 15. Ne4 Nf5 16. Qd3 Qa6 17. Qxa6 bxa6 18. Rxc7 dxe5 19. Bxa7 Be6 20. Nc5 Bxa2 21. Rxe5 Rfe8 22. f4 Rxe5 23. fxe5 Be6 24. Kf2 h5 25. Ne4 Ba2 26. Nd6 Be6 27. b4 Nxd6 28. exd6 Kf8 29. Ke3 Ke8 30. Re7+ Kf8 31. Bc5 Re8 32. Ra7 Rd8 33. Kd4 Bc8 34. Bb6 1-0

[Event "6th Dubai Open"]
[Site "Dubai"]
[Date "2004.04.27"]
[Round "9.9"]
[White "Belkhodja, Slim"]
[Black "Iuldachev, Saidali"]
[Result "0-1"]
[WhiteElo "2449"]
[BlackElo "2536"]
[PlyCount "59"]
[EventDate "2004.04.19"]
[Source "Roberto Alvarez"]
[SourceDate "2004.05.03"]

1. e4 e5 2. Nf3 Nc6 3. Bb5 Bc5 4. O-O Qf6 5. c3 Nge7 6. Bxc6 dxc6 7. d4 exd4 8. cxd4 Bb6 9. Bg5 Qg6 10. Bxe7 Kxe7 11. Ne5 Qf6 12. Nc3 Rd8 13. Nf3 Kf8 14. h3 Bxd4 15. Nxd4 Rxd4 16. Qh5 Kg8 17. f4 Be6 18. Rf2 g6 19. Qc5 Rc4 20. Qe3 Qd4 21. Qg3 f5 22. Re1 Rf8 23. Kh2 Qd7 24. exf5 Bxf5 25. Qh4 Rf7 26. Qh6 Re7 27. Rxe7 Qxe7 28. Re2 Qf8 29. Qg5 Rd4 30. Qg3 0-1

[Event "BCF Ch"]
[Site "Southport ENG"]
[Date "1983.??.??"]
[Round "8"]
[White "Chandler, Murray G"]
[Black "Johansen, Darryl K"]
[Result "1-0"]
[WhiteElo "2500"]
[BlackElo "2485"]
[PlyCount "105"]
[EventDate "1983.08.??"]
[Source "www.chesslib.no"]
[SourceDate "2004.05.04"]

1. e4 e5 2. Nf3 Nc6 3. Bb5 Bc5 4. O-O Nd4 5. Nxd4 Bxd4 6. c3 Bb6 7. d4 c6 8. Ba4 d6 9. Na3 Nf6 10. Bg5 h6 11. Bxf6 Qxf6 12. d5 Bd7 13. Nc4 Bc7 14. dxc6 bxc6 15. Qd3 O-O 16. Rad1 Rfd8 17. Rd2 Rac8 18. Rfd1 Bg4 19. f3 Bd7 20. Kh1 Be8 21. Qe3 Ra8 22. Qe2 h5 23. b4 g6 24. Bb3 Rab8 25. Rd3 Rd7 26. a4 a5 27. b5 cxb5 28. axb5 Rxb5 29. Ba4 Rd8 30. Bxb5 Bxb5 31. Rd5 Bc6 32. Ne3 Qe6 33. R5d2 Bb6 34. Nd5 Bc5 35. Qa6 Bxd5 36. Rxd5 Rb8 37. Qxa5 h4 38. Qc7 Ra8 39. h3 Qf6 40. Qc6 Ra2 41. Rxc5 Qg5 42. Rg1 dxc5 43. Qxc5 Qg3 44. c4 Kg7 45. Qd6 Rf2 46. Qd1 Qg5 47. Qc1 Qg3 48. c5 f5 49. c6 fxe4 50. fxe4 Rf8 51. c7 Rc8 52. Qc6 Qd3 53. Qe6 1-0

[Event "Budapest FS03 GM"]
[Site "Budapest"]
[Date "1996.??.??"]
[Round "3"]
[White "Fogarasi, Tibor"]
[Black "Kogan, Artur"]
[Result "1/2-1/2"]
[WhiteElo "2500"]
[BlackElo "2485"]
[PlyCount "98"]
[EventDate "1996.03.??"]
[Source "ChessBase"]

1. e4 e5 2. Nf3 Nc6 3. Bb5 Bc5 4. O-O Nge7 5. c3 Bb6 6. d3 O-O 7. Nbd2 d6 8. Nc4 Bg4 9. h3 Bh5 10. Nxb6 axb6 11. g4 Bg6 12. Nh4 d5 13. Nf5 f6 14. f4 dxe4 15. dxe4 Qxd1 16. Rxd1 Rfd8 17. Be3 Bf7 18. Nxe7+ Nxe7 19. fxe5 fxe5 20. Bg5 Rxd1+ 21. Rxd1 Ng6 22. a4 Nf8 23. Rd8 Rxd8 24. Bxd8 Ne6 25. Be7 Nf4 26. Bd8 Ne6 27. Be7 Bg6 28. Bc4 Kf7 29. Bd8 Ke8 30. Bxe6 Kxd8 31. Bf5 Bf7 32. Bxh7 g6 33. h4 Ke7 34. Kf2 Kf6 35. h5 gxh5 36. gxh5 Bxh5 37. b4 Be8 38. a5 bxa5 39. bxa5 Ke6 40. Bg8+ Kd6 41. Bd5 c6 42. Bc4 Kc5 43. a6 bxa6 44. Bxa6 Bf7 45. Ke3 Bc4 46. Bc8 Bf1 47. Be6 Kb5 48. Bd7 Bc4 49. Kd2 Bf7 1/2-1/2

[Event "BL2-N9798"]
[Site "Germany"]
[Date "1997.??.??"]
[Round "2.1"]
[White "Joecks, Christian"]
[Black "Rogers, Ian"]
[Result "0-1"]
[WhiteElo "2415"]
[BlackElo "2570"]
[PlyCount "44"]
[EventDate "1997.10.??"]
[Source "www.chesslib.no"]
[SourceDate "2004.05.04"]

1. e4 Nc6 2. Nf3 e5 3. Bb5 Bc5 4. O-O Qf6 5. c3 Nge7 6. d3 h6 7. Be3 Bb6 8. Nbd2 O-O 9. Nc4 d6 10. Bxb6 axb6 11. Ne3 Ng6 12. Nd5 Qd8 13. a3 Nce7 14. Bc4 Nxd5 15. Bxd5 Nf4 16. Qd2 Qf6 17. Qe3 Bh3 18. Ne1 Qg5 19. Qf3 Bg4 20. Qe3 Be2 21. Bxb7 Ra7 22. Bc6 Bxd3 0-1

[Event "Rome"]
[Site "Rome"]
[Date "1981.??.??"]
[Round "?"]
[White "Matanovic, Aleksandar"]
[Black "Mariotti, Sergio"]
[Result "1/2-1/2"]
[WhiteElo "2500"]
[BlackElo "2485"]
[PlyCount "23"]
[EventDate "1981.02.??"]
[Source "ChessBase"]

1. e4 e5 2. Nf3 Nc6 3. Bb5 Bc5 4. O-O Nge7 5. Nxe5 Nxe5 6. d4 c6 7. Be2 Bd6 8. dxe5 Bxe5 9. Nd2 d5 10. Nf3 Bc7 11. exd5 Qxd5 12. Qxd5 1/2-1/2

[Event "Camp. cubano Open"]
[Site "Santa Clara CUB"]
[Date "2007.01.10"]
[Round "1"]
[White "Arencibia, W."]
[Black "De la Paz, F."]
[Result "1/2-1/2"]
[WhiteElo "2549"]
[BlackElo "2433"]
[PlyCount "65"]
[EventDate "2007.01.10"]
[Source "www.chesslib.no"]
[SourceDate "2004.05.04"]

1. e4 e5 2. Nf3 Nc6 3. Bb5 Bc5 4. O-O d6 5. c3 Bd7 6. d4 Bb6 7. Na3 Nge7 8. dxe5 Nxe5 9. Nxe5 dxe5 10. Bxd7+ Qxd7 11. Nc4 Qe6 12. Qa4+ Nc6 13. Nxb6 cxb6 14. Be3 O-O 15. Rad1 Rfd8 16. f3 h6 17. b3 Rac8 18. Qb5 Ne7 19. c4 Rd6 20. c5 bxc5 21. Qxb7 a6 22. Rxd6 Qxd6 23. Rc1 Kh7 24. Kf2 Rc6 25. Rc2 f5 26. Rd2 Qf6 27. Rd7 f4 28. Bd2 Qh4+ 29. Kg1 Re6 30. Qc7 Qg5 31. Qxc5 Ng6 32. Qf2 Rc6 33. Rd3 1/2-1/2